A lucky pilot : (Record no. 187018)
[ view plain ]
| 000 -LEADER | |
|---|---|
| fixed length control field | 00902 a2200205 4500 |
| 003 - CONTROL NUMBER IDENTIFIER | |
| control field | Nust |
| 005 - DATE AND TIME OF LATEST TRANSACTION | |
| control field | 20170207153454.0 |
| 010 ## - LIBRARY OF CONGRESS CONTROL NUMBER | |
| LC control number | 2007376517 |
| 020 ## - INTERNATIONAL STANDARD BOOK NUMBER | |
| International Standard Book Number | 9690013718 |
| 020 ## - INTERNATIONAL STANDARD BOOK NUMBER | |
| International Standard Book Number | 9789690013712 |
| 040 ## - CATALOGING SOURCE | |
| Transcribing agency | Nust |
| 082 ## - DEWEY DECIMAL CLASSIFICATION NUMBER | |
| Classification number | 920 |
| 100 1# - MAIN ENTRY--PERSONAL NAME | |
| Personal name | Ahmad, S. M. |
| 245 12 - TITLE STATEMENT | |
| Title | A lucky pilot : |
| Remainder of title | memoirs of Retired Wing Commander Lanky Ahmad / |
| Statement of responsibility, etc. | S.M. Ahmad. |
| 250 ## - EDITION STATEMENT | |
| Edition statement | 2nd rev. ed. |
| 260 ## - PUBLICATION, DISTRIBUTION, ETC. | |
| Place of publication, distribution, etc. | Lahore : |
| Name of publisher, distributor, etc. | Ferozsons, |
| Date of publication, distribution, etc. | 2001. |
| 300 ## - PHYSICAL DESCRIPTION | |
| Extent | 177 p. : |
| Other physical details | ill. ; |
| Dimensions | 22 cm. |
| 505 ## - FORMATTED CONTENTS NOTE | |
| Formatted contents note | 1945-95 (Page-13) 1947 (page-24) 1947 (page-28) 1948 (page-31) 1948 (page-35) 1948 (Page-46) 1949 (page-49) 1949 (page-54) 1950 (page-57) 1949-1951 (Page-61) 1951 (Page-69) 1951 (page-74) 1950-1952 (Page-88) 1952 (Page-100) 1955(Page-109) 1957 (Page-127) 1964 (page-139) 1965 (page-143) 1969(Page-147) 1961-68(Page-152) 1995 (page-157) 1996 (page-163) 1996 (page-163) 1999(Page-170) |
| 538 ## - SYSTEM DETAILS NOTE | |
| System details note | Almirah No.60 Shelf No.2 |
| 942 ## - ADDED ENTRY ELEMENTS (KOHA) | |
| Source of classification or shelving scheme | |
| Koha item type | Book |
| Withdrawn status | Lost status | Source of classification or shelving scheme | Damaged status | Not for loan | Collection code | Permanent Location | Current Location | Date acquired | Total Checkouts | Full call number | Barcode | Date last seen | Price effective from | Koha item type |
|---|---|---|---|---|---|---|---|---|---|---|---|---|---|---|
| Military College of Signals (MCS) | Military College of Signals (MCS) | 12/12/2016 | 920 AHM | MCS27744 | 12/08/2016 | 12/12/2016 | Book | |||||||
| Military College of Signals (MCS) | Military College of Signals (MCS) | 12/12/2016 | 920 AHM | MCS32866 | 12/08/2016 | 12/12/2016 | Book |
